000 00640nam a22002057a 4500
999 _c18517
_d18517
003 AR-CdUCM
008 190514b ||||| |||| 00| 0 spa d
040 _aMUNICIPALIDAD PROVINCIAL DEL CUSCO
_cBIBLIOTECA MUNICIPAL DEL CUSCO
082 _a940.53 /
_bW72
100 _aWillkie, Wendell L.
_939147
245 _aUn mundo /
260 _aMéxico :
_bNuevo mundo,
_c1953.
300 _a216 páginas ;
_c22 cm.
505 _aContenido : El Alamein -- El medio oriente -- Turquía, nación nueva ...
650 _aPaíses
_918332
650 _aOriente
_928996
650 _aMundo
_9597
942 _2ddc
_cLIBROS
945 _arah
_d2019/05/14